| 000 | 00709njm a2200265Ia 4500 | ||
|---|---|---|---|
| 001 | 59853 | ||
| 003 | IT-RoPAU | ||
| 005 | 20220918181118.0 | ||
| 008 | 131025s9999 xx 000 0 und d | ||
| 040 | _aIT-RoPAU | ||
| 040 | _cIT-RoPAU | ||
| 041 | _aPOLACCO | ||
| 999 |
_c99603 _d99603 |
||
| 999 | _bSI | ||
| 100 |
_aAA.VV. _9794 |
||
| 100 |
_eAutore musica _923078 |
||
| 100 |
_gCodice autore musica SPICS: 12000 _9796 |
||
| 245 | _aOld Rock Meeting A.D. 1986 (5 Lp Paljazz) | ||
| 250 | _a1a ed. | ||
| 260 | _aPOLONIA | ||
| 260 |
_bPOLJAZZ _c1986 [1a Ed.:1986] |
||
| 300 | _aDISCO | ||
| 500 | _aMusica polacca. Canzone polacca. | ||
| 650 |
_aCANZONE POLACCA [DISCHI] _eCodice MATERIA SPICS: 9950 _923079 |
||
| 942 |
_cMD _2ddc |
||